000 00250nam a2200109Ia 4500
008 190913s9999||||xx |||||||||||||| ||und||
100 _aRasheed Akhtar
245 0 _aTuzak-i-Babri
260 _aLahore
_bSang-e-Meel
_c2003
300 _a250
942 _cBK
999 _c8074
_d8074